LEADER 01469nam a2200313 i 4500 001 991002300339707536 005 20020508193906.0 008 971029s1995 ||| ||| | ita 020 $a8871462971 035 $ab10988713-39ule_inst 035 $aPARLA159022$9ExL 040 $aDip.to Filosofia$bita 082 0 $a509.17671 100 1 $aPelfer, Pier Giovanni$0538562 245 13$aLa civiltà islamica e le scienze :$batti del Simposio internazionale :$bFirenze, Palazzo Panciatichi, 23 novembre 1991 /$ca cura di Clelia Sarnelli Cerqua, Ornella Marra, Pier Giovanni Pelfer 260 $aNapoli :$bCUEN,$c1995 300 $a189 p. :$bill. ;$c24 cm. 500 $aIn testa al front.: Consiglio regionale della Toscana; Fondazione Idis; Istituto universitario orientale; Istituto italiano per gli studi filosofici; Tuscany science forum 650 4$aIslamismo$xCiviltà$ySec. 7.-14. 650 4$aScienze - Paesi islamici$ySec. 7.-14. 700 1 $aMarra, Ornella 700 1 $aSarnelli Cerqua, Clelia 907 $a.b10988713$b02-04-14$c28-06-02 912 $a991002300339707536 945 $aLE005 181 SAR01. 01. c. 1$g1$i2005000007514$lle005$o-$pE0.00$q-$rl$s- $t0$u0$v0$w0$x0$y.i11103061$z28-06-02 945 $aLE005 181 SAR01. 01. c. 2$g2$i2005000017216$lle005$o-$pE0.00$q-$rl$s- $t0$u0$v0$w0$x0$y.i11103073$z28-06-02 996 $aCiviltà islamica e le scienze$9864677 997 $aUNISALENTO 998 $ale005$b01-01-97$cm$da $e-$feng$gxx $h3$i2 LEADER 01800nam 2200361 450 001 9910688160503321 005 20230703195459.0 024 7 $a10.5772/intechopen.98126 035 $a(CKB)5580000000514630 035 $a(NjHacI)995580000000514630 035 $a(EXLCZ)995580000000514630 100 $a20230703d2022 uy 0 101 0 $aeng 135 $aur||||||||||| 181 $ctxt$2rdacontent 182 $cc$2rdamedia 183 $acr$2rdacarrier 200 00$aBotulinum Toxin $eRecent Topics and Applications /$fedited by Suna Sabuncuoglu 210 1$aLondon :$cIntechOpen,$d2022. 215 $a1 online resource (118 pages) $cillustrations 311 $a1-80355-230-1 320 $aIncludes bibliographical references. 330 $aBotulinum Toxin - Recent Topics and Applications provides doctors and researchers with the most up-to-date information on the structure and action of botulinum toxins as well as their usage to treat a wide range of disorders. The book covers the fundamentals of botulinum toxins, including improvements in our understanding of their molecular structure and mechanism of action. Furthermore, it covers the production and formulation of botulinum toxins for clinical applications. The information contained herein will hopefully shift the paradigm of botulinum toxin research, moving it away from a focus on toxin attributes toward a focus on toxin engineering based on patient requests and physician experiences in everyday practice. 606 $aBotulinum toxin$xTherapeutic use 615 0$aBotulinum toxin$xTherapeutic use. 676 $a615.329364 702 $aSabuncuoglu$b Suna 801 0$bNjHacI 801 1$bNjHacl 906 $aBOOK 912 $a9910688160503321 996 $aBotulinum Toxin$91977191 997 $aUNINA